| 000 | 00694nam a22002057a 4500 | ||
|---|---|---|---|
| 003 | OSt | ||
| 005 | 20250826081851.0 | ||
| 008 | 250826b |||||||| |||| 00| 0 eng d | ||
| 020 | _a0-7817-5204-3 | ||
| 040 |
_aDWCL-Main lib _cOC |
||
| 082 | _aCirc. 344.73 Sm655l 2005 | ||
| 100 | _aMable H. Smith | ||
| 245 |
_aThe legal, professional, and ethical dimensions of higher education/ _cMable H. Smith |
||
| 260 |
_aPhiladelphia : _bLippincott Williams & Wilkins, _cc2005 |
||
| 300 |
_axv, 216 p. _c23 cm. |
||
| 504 | _aIncludes index. | ||
| 650 | _a1. Education, higher -- law & legislation--US | ||
| 650 | _a2. Education, higher--moral and ethical aspects. | ||
| 942 |
_2ddc _cBK-CIRC _kCirc. _n0 |
||
| 999 |
_c4284 _d4284 |
||